| 000 | 00778nam a2200229Ia 4500 | ||
|---|---|---|---|
| 001 | 8556 | ||
| 003 | GE_BSU | ||
| 008 | 181216s||||||||xx |||||||||||||| ||und|| | ||
| 020 | _a9789941434532 | ||
| 040 | _cGE_BSU | ||
| 080 | _a338.48(100)(075.8) | ||
| 100 | _aქათამაძე,დავით. ქათამაძე,გულიკო | ||
| 245 | _aსაერთაშორისო ტურიზმი | ||
| 245 | _cრედ.როსტომ ბერიძე | ||
| 260 | _aთბილისი | ||
| 260 | _bშოთა რუსთაველის სახ. უნ–ტი | ||
| 260 | _c2013 | ||
| 300 | _a904გვ.21სმ | ||
| 541 | _h19ლ.50თ. | ||
| 653 | _aსაერთაშორისო ტურიზმი | ||
| 942 | _cBK | ||
| 999 |
_c41873 _d41873 |
||